000 00237nam a22000857a 4500
008 170220b xxu||||| |||| 00| 0 eng d
100 _92912
_aGovt of India
245 _aArchaalogical Remains Monumes and museums
260 _aNew delhi
_bASI
_c1964
999 _c6147
_d6147